Flora del Desierto de La Tatacoa, Huila, Colombia / (Registro nro. 19559)

Detalles MARC
000 -CABECERA
Campo de control 00894nam a2200217 a 4500
005 - FECHA Y HORA DE LA ULTIMA TRANSACCION
Campo de control 20180803170405.0
008 - ELEMENTOS DE LONGITUD FIJA—INFORMACION GENERAL
Campo de control 170607s2012 ck ao||| |||| 00| 0 spa d
040 ## - FUENTE DE CATALOGACIÓN
Agencia catalogadora original CO-BoIAVH
Agencia transcriptora CO-BoIAVH
041 0# - IDIOMA
Código de idioma para texto/pista de sonido o título separado Español
044 ## - PAÍS DE PUBLICACIÓN
País de publicación Colombia
090 ## - CLASIFICACIÓN LOCAL
Colección FG-
Consecutivo 0257
100 1# - ASIENTO PRINCIPAL--NOMBRE PERSONAL
Nombre personal Figueroa, Yisela
Término relacionado autora
9 (RLIN) 5645
245 00 - MENCION DE TITULO
Título Flora del Desierto de La Tatacoa, Huila, Colombia /
Mención de responsabilidad Yisela Figueroa, Gloria Galeano y Néstor García
260 ## - PUBLICACION, DISTRIBUCION, ETC. (PIE DE IMPRENTA)
Lugar de publicación, distribución, etc. Municipio de Villa-vieja (Huila) :
Nombre del editor, distribuidor, etc. Universidad Nacional de Colombia,
Fecha de publicación, distribución, etc. 2012
300 ## - DESCRIPCION FISICA
Extensión 1 folleto plegable :
Otros detalles físicos ilustraciones a color y fotografías a color ;
Dimensiones 10 x 22 cm.
490 0# - MENCION DE SERIE
Mención de serie Miniguías de campo del Instituto de Ciencias Naturales ;
Designación numérica/secuencial del volumen 14
650 26 - ASIENTO SECUNDARIO DE MATERIA - TERMINO TEMATICO
Término temático o nombre geográfico como elemento de entrada Flora
Subdivisión general identificación
Subdivisión geográfica Desierto de La Tatacoa (Huila, Colombia)
Subdivisión de forma Guías
9 (RLIN) 90558
700 1# - ASIENTO SECUNDARIO - NOMBRE PERSONAL
Nombre personal Galeano, Gloria
Término de relación autora
9 (RLIN) 443
700 1# - ASIENTO SECUNDARIO - NOMBRE PERSONAL
Nombre personal García, Néstor
Término de relación autor
9 (RLIN) 99600
942 ## - ELEMENTOS ADICIONALES (KOHA)
Sistema de clasificación Local
Tipo de ítem Folleto
Existencias
Withdrawn status Lost status Sistema de Clasificación Damaged status No para préstamo Colección Ubicación Permanente Ubicación actual Fecha de adquisición Total Checkouts Número topográfico Inventario / Código de Barras Date last seen Ejemplar Price effective from Forma de adquisición Tipo de material
    Local     Hemeroteca Bogotá Bogotá 07/06/2017   FG-0257 041354 07/06/2017 Ej.1 07/06/2017 Donación Folleto